000
00315nam a2200133Ia 4500
008
240624s9999 xx 000 0 und d
041
_a
eng
082
_a
891.43 SAR
100
_a
SIRSHREE
245
_a
MOKSH
260
_c
2010
_a
Pune
_b
Wow Publishings Pvt. Ltd.
300
_a
248 : p. : cm. ; 21
365
_c
RS
_b
20
999
_c
16563
_d
16563